[Event "BRA-ch U2000 Amateurs"]
[Site "Sao Paulo"]
[Date "2022.06.19"]
[Round "7"]
[White "Caraca, Matheus Rodrigues"]
[Black "De Freitas, Fabio Ruiz"]
[Result "0-1"]
[WhiteElo "1800"]
[BlackElo "1675"]
[PlyCount "54"]
[EventDate "2022.06.16"]
[EventType "swiss"]
[EventRounds "7"]
[EventCountry "BRA"]
[SourceTitle "CBM 208 Extra"]
[Source "ChessBase"]
[SourceDate "2022.07.31"]
[SourceVersion "1"]
[SourceVersionDate "2022.07.31"]
[SourceQuality "1"]

1. d4 Nf6 2. Bg5 c5 3. c3 Qb6 4. Qc2 cxd4 5. cxd4 Nc6 6. Bxf6 gxf6 7. e3 d5 8. Nc3 e6 9. a3 Bd7 10. Bd3 h6 11. Nf3 Rc8 12. Ke2 Na5 13. b4 Nc4 14. Rhc1 Bd6 15. Qa2 f5 16. g3 h5 17. h4 Be7 18. Bxc4 dxc4 19. Ne5 Qd8 20. Nxc4 Bc6 21. Ne5 Bg2 22. Rg1 Rxc3 23. Rxg2 Qc7 24. Kd2 0-0 25. Kd1 Rc8 26. Rb1 Rc1+ 27. Rxc1 Qxc1+ 0-1

[Event "BRA-ch U2000 Amateurs"]
[Site "Sao Paulo"]
[Date "2022.06.17"]
[Round "3"]
[White "Casalaspro, Mathias Andre"]
[Black "Caraca, Matheus Rodrigues"]
[Result "1-0"]
[WhiteElo "1686"]
[BlackElo "1800"]
[PlyCount "88"]
[EventDate "2022.06.16"]
[EventType "swiss"]
[EventRounds "7"]
[EventCountry "BRA"]
[SourceTitle "CBM 208 Extra"]
[Source "ChessBase"]
[SourceDate "2022.07.31"]
[SourceVersion "1"]
[SourceVersionDate "2022.07.31"]
[SourceQuality "1"]

1. e4 d5 2. exd5 Nf6 3. d4 Nxd5 4. c4 Nf6 5. Nc3 g6 6. Nf3 Bg7 7. Be2 0-0 8. 0-0 e6 9. Bg5 c6 10. Qd2 Na6 11. c5 Nc7 12. Qf4 Ncd5 13. Qh4 Qc7 14. Bc4 Nxc3 15. Bf4 Qd8 16. bxc3 Nd5 17. Qxd8 Rxd8 18. Bxd5 exd5 19. Rab1 f6 20. h4 Re8 21. Rb3 Re7 22. Rfb1 Rf7 23. R1b2 h6 24. a4 a5 25. Nd2 g5 26. Bg3 f5 27. hxg5 hxg5 28. Bd6 Bf8 29. Bh2 f4 30. Nf3 g4 31. Ne5 Rf6 32. Nd3 Bh6 33. Re2 f3 34. Re7 fxg2 35. Kxg2 Bf5 36. Ne5 Be4+ 37. Kg1 Raf8 38. Bg3 Bf4 39. Nd7 Rh6 40. Rxe4 dxe4 41. Nxf8 Kxf8 42. Rb1 Rf6 43. Kg2 e3 44. Rf1 Kf7 1-0